000 01658cad a22002535a 4500
001 L156788
008 120716s2012 xxk f 000 0 eng d
035 _a(Sirsi) u156788
041 0 _aeng
110 2 _aHome Builders Federation
_94896
245 0 2 _aA review of local standards for the delivery of new homes
_bLocal Housing Delivery Group (Standards Working Group)
_bJune 2012
_h[electronic resource]
260 _a[S.l.]
_bHome Builders Federation $2 012
505 2 _aExecutive Summary -- Standards Working Group members and participants -- The 10 most common standards -- Initial review findings -- Costs of complying with standards applied locally -- What do good standards look like? -- Testing the concept -- Accessibility -- Energy -- Security -- Water -- Recommendations and next steps -- Appendix A - Cost of complying with locally applied standards
520 _aThe Local Housing Delivery Group is a cross-industry group involving a broad group of stakeholders with an interest in home building in England. This report looks at the various non-statutory requirements commonly placed on new home building through the planning process, and the scope to simplify them.
590 _aKA NTK
651 4 _aEngland
_y886-
690 _aPlanning and development
_96259
690 _aDesign and specification
690 _aBuilding regulations
_96224
690 _aConstruction management
_96230
690 _aResidential property
_96266
856 4 0 _uhttps://www.hbf.co.uk/fileadmin/documents/Email_Links/A_review_of_local_standards_for_the_delivery_of_new_homes_-_june_2012.pdf
_zView the report free of charge at www.hbf.co.uk
942 _n0
999 _c114414
_d114414